Rotor dynamics (Record no. 24483)

000 -LEADER
fixed length control field 00500nam a2200205 a 4500
001 - CONTROL NUMBER
control field 24483
003 - CONTROL NUMBER IDENTIFIER
control field BD-DhUET
008 - FIXED-LENGTH DATA ELEMENTS--GENERAL INFORMATION
fixed length control field 830406s1983 nyua 000 0 eng
020 ## - INTERNATIONAL STANDARD BOOK NUMBER
International Standard Book Number 0852267878
040 ## - CATALOGING SOURCE
Original cataloging agency DLC
Transcribing agency DLC
Modifying agency BD-DhUET
082 ## - DEWEY DECIMAL CLASSIFICATION NUMBER
Classification number 629.13436
Item number RAO/1983
100 1# - MAIN ENTRY--PERSONAL NAME
Personal name Rao, J. S.
245 10 - TITLE STATEMENT
Title Rotor dynamics
250 ## - EDITION STATEMENT
Edition statement 1st ed.
260 ## - PUBLICATION, DISTRIBUTION, ETC. (IMPRINT)
Place of publication, distribution, etc. New Delhi
Name of publisher, distributor, etc. Wiley Eastern
Date of publication, distribution, etc. 1983
300 ## - PHYSICAL DESCRIPTION
Extent viii, 244p.
Other physical details ill.
Dimensions 25 cm.
504 ## - BIBLIOGRAPHY, ETC. NOTE
Bibliography, etc Includes bibliographies
650 #0 - SUBJECT ADDED ENTRY--TOPICAL TERM
Topical term or geographic name as entry element Rotors
942 ## - ADDED ENTRY ELEMENTS (KOHA)
Koha item type General Book
Holdings
Location (home branch) Copy number Damaged status Piece designation (barcode) Shelving location Date acquired Source of classification or shelving scheme Koha item type Not for loan Withdrawn status Koha normalized classification for sorting Koha date last seen Lost status Price effective from Sublocation or collection (holding branch) Koha full call number
Central Library, BUET1 56458Circulation section2015-05-09 General Book  629_134360000000000_RAO_19832015-05-09 2015-05-09Central Library, BUET629.13436/RAO/1983